[Event "Buenos Aires Boca sim"]
[Site "Buenos Aires"]
[Date "2001.08.15"]
[Round "?"]
[White "Karpov, Anatoly"]
[Black "Seminara, Juan Pablo"]
[Result "1-0"]
[WhiteElo "2692"]
[BlackElo "2326"]
[PlyCount "94"]
[EventDate "2001.08.15"]
[EventType "simul"]
[EventRounds "1"]
[EventCountry "ARG"]
[SourceTitle "EXT 2002"]
[Source "ChessBase"]
[SourceDate "2001.11.25"]
[SourceVersion "1"]
[SourceVersionDate "2001.11.25"]
[SourceQuality "1"]

1. d4 Nf6 2. c4 g6 3. Nc3 Bg7 4. e4 d6 5. Nf3 0-0 6. Be2 e5 7. Be3 c6 8. 0-0 Na6 9. dxe5 dxe5 10. Qxd8 Rxd8 11. Rfd1 Rxd1+ 12. Rxd1 Bg4 13. Kf1 Bxf3 14. Bxf3 Nc7 15. g4 h6 16. h4 Ne6 17. g5 hxg5 18. hxg5 Nh7 19. Rd7 Nhxg5 20. Bg4 b6 21. Bxg5 Nxg5 22. Rc7 c5 23. Bd7 Rd8 24. Rxa7 Nf3 25. b3 Nd4 26. Nd5 Rb8 27. Bb5 Ne6 28. Bc6 Nd4 29. Bb5 Ne6 30. f3 Nf4 31. Bc6 Bh6 32. Nf6+ Kg7 33. Nd7 Re8 34. Nxb6 Re6 35. Rc7 Bg5 36. Nd5 Rd6 37. Be8 Kf8 38. Bxf7 Ra6 39. a4 Nxd5 40. Bxd5 Rb6 41. a5 Ra6 42. Rxc5 Bd2 43. Ke2 Bxa5 44. Bb7 Ra7 45. Rxe5 Bc7 46. Rb5 Bf4 47. Kd3 Ke7 1-0

[Event "Buenos Aires CABJ Sup"]
[Site "Buenos Aires"]
[Date "1998.12.19"]
[Round "7"]
[White "Faig, Cristian"]
[Black "Seminara, Juan Pablo"]
[Result "0-1"]
[WhiteElo "2190"]
[BlackElo "2355"]
[PlyCount "95"]
[EventDate "1998.12.??"]
[EventType "tourn"]
[EventRounds "9"]
[EventCountry "ARG"]
[EventCategory "2"]
[SourceTitle "EXT 2002"]
[Source "ChessBase"]
[SourceDate "2001.11.25"]
[SourceVersion "1"]
[SourceVersionDate "2001.11.25"]
[SourceQuality "1"]

1. e4 g6 2. d4 Bg7 3. Nc3 d6 4. Be3 a6 5. a4 Nd7 6. f4 b6 7. Nf3 Bb7 8. Bd3 c5 9. 0-0 Ngf6 10. d5 0-0 11. Qe2 e6 12. dxe6 fxe6 13. Ng5 Qe7 14. f5 exf5 15. exf5 d5 16. fxg6 d4 17. Bc4+ Kh8 18. Nf7+ Rxf7 19. gxf7 dxe3 20. Rae1 Ne4 21. Nd5 Qg5 22. Nxe3 Bd4 23. Kh1 Nd6 24. Be6 Nf8 25. Nf5 Nxf5 26. Bxf5 Rd8 27. Be4 Bc8 28. Rf3 Bg4 29. Rg3 Bxe2 30. Rxg5 Bg7 31. Bd3 h6 32. Rxg7 Kxg7 33. Bxe2 Rd2 34. Bxa6 Rxc2 35. b3 Kxf7 36. Bc4+ Kf6 37. Rf1+ Ke7 38. h4 Nd7 39. Rf7+ Kd8 40. Rf5 Ke7 41. Kh2 Nf6 42. Kh3 Rc3+ 43. g3 Re3 44. Kg2 Ne4 45. Re5+ Kd6 46. Re6+ Kd7 47. Rxh6 Rxg3+ 48. Kh2 0-1

[Event "Buenos Aires CABJ Sup"]
[Site "Buenos Aires"]
[Date "1998.12.17"]
[Round "5"]
[White "Seminara, Juan Pablo"]
[Black "Bulcourf, Carlos"]
[Result "0-1"]
[WhiteElo "2355"]
[BlackElo "2285"]
[PlyCount "74"]
[EventDate "1998.12.??"]
[EventType "tourn"]
[EventRounds "9"]
[EventCountry "ARG"]
[EventCategory "2"]
[SourceTitle "EXT 2002"]
[Source "ChessBase"]
[SourceDate "2001.11.25"]
[SourceVersion "1"]
[SourceVersionDate "2001.11.25"]
[SourceQuality "1"]

1. d4 c6 2. e4 Nf6 3. e5 Nd5 4. c4 Nc7 5. Nf3 d6 6. exd6 Qxd6 7. Nc3 g6 8. Be3 Bg7 9. Qd2 Nba6 10. h3 0-0 11. Be2 b5 12. cxb5 cxb5 13. Nxb5 Nxb5 14. Bxb5 Bb7 15. Be2 Rfd8 16. 0-0 Nb4 17. Rfc1 a5 18. Bf4 Qe6 19. Bc4 Qf5 20. g4 Qe4 21. Be2 Rxd4 22. Qe3 Qxf4 23. Nxd4 Qxd4 24. Qxd4 Bxd4 25. Rc7 Bd5 26. Rxe7 Bxb2 27. Rd1 Bf6 28. Rc7 Bxa2 29. Bf3 Rb8 30. Ra7 Bb3 31. Rdd7 a4 32. Bd1 Nc6 33. Ra6 Ne5 34. Rdd6 Be7 35. Rd2 a3 36. Ra7 Bb4 37. Re2 Nf3+ 0-1

[Event "Buenos Aires CABJ Sup"]
[Site "Buenos Aires"]
[Date "1998.12.15"]
[Round "4"]
[White "Maggiolo, Elisa"]
[Black "Seminara, Juan Pablo"]
[Result "0-1"]
[WhiteElo "2130"]
[BlackElo "2355"]
[PlyCount "39"]
[EventDate "1998.12.??"]
[EventType "tourn"]
[EventRounds "9"]
[EventCountry "ARG"]
[EventCategory "2"]
[SourceTitle "EXT 2002"]
[Source "ChessBase"]
[SourceDate "2001.11.25"]
[SourceVersion "1"]
[SourceVersionDate "2001.11.25"]
[SourceQuality "1"]

1. e4 g6 2. g3 Bg7 3. Bg2 c5 4. f4 d6 5. Nf3 Nc6 6. d3 Nf6 7. 0-0 0-0 8. c3 Rb8 9. h3 b5 10. Be3 b4 11. Nbd2 bxc3 12. bxc3 Ba6 13. Qc2 Qa5 14. Rfe1 Rfc8 15. Nc4 Bxc4 16. dxc4 Nd7 17. Bd2 Nb6 18. Bf1 Na4 19. Rab1 Bxc3 20. e5 0-1

[Event "Buenos Aires CABJ Sup"]
[Site "Buenos Aires"]
[Date "1998.12.11"]
[Round "3"]
[White "Seminara, Juan Pablo"]
[Black "Hoffman, Alejandro"]
[Result "0-1"]
[WhiteElo "2355"]
[BlackElo "2525"]
[PlyCount "44"]
[EventDate "1998.12.??"]
[EventType "tourn"]
[EventRounds "9"]
[EventCountry "ARG"]
[EventCategory "2"]
[SourceTitle "EXT 2002"]
[Source "ChessBase"]
[SourceDate "2001.11.25"]
[SourceVersion "1"]
[SourceVersionDate "2001.11.25"]
[SourceQuality "1"]

1. e4 c6 2. d4 d5 3. Nd2 dxe4 4. Nxe4 Nf6 5. Nxf6+ exf6 6. c3 Bd6 7. Bd3 0-0 8. Ne2 Qc7 9. Ng3 Re8+ 10. Be3 g6 11. Ne4 Be7 12. Qf3 f5 13. Nd2 Bd6 14. g3 b5 15. 0-0 Bb7 16. Rfe1 Nd7 17. Bf4 Bxf4 18. gxf4 c5 19. Qg3 Qc6 20. f3 cxd4 21. Bxf5 dxc3 22. bxc3 Qc5+ 0-1

[Event "Villa Martelli op"]
[Site "Villa Martelli"]
[Date "1998.11.07"]
[Round "3"]
[White "Seminara, Juan Pablo"]
[Black "Hoffman, Alejandro"]
[Result "1/2-1/2"]
[WhiteElo "2355"]
[BlackElo "2525"]
[PlyCount "77"]
[EventDate "1998.11.05"]
[EventType "swiss"]
[EventRounds "7"]
[EventCountry "ARG"]
[SourceTitle "EXT 2000"]
[Source "ChessBase"]
[SourceDate "1999.11.16"]
[SourceVersion "1"]
[SourceVersionDate "1999.11.16"]
[SourceQuality "1"]

1. e4 d6 2. d4 Nf6 3. Nc3 e5 4. Nf3 Nbd7 5. Bc4 Be7 6. 0-0 0-0 7. Re1 c6 8. a4 b6 9. Bg5 Bb7 10. Bxf6 Bxf6 11. d5 c5 12. a5 a6 13. axb6 Nxb6 14. Qd3 Nxc4 15. Qxc4 Rb8 16. Qd3 Qd7 17. Nd2 g6 18. Nc4 Bd8 19. b3 Bc8 20. Rad1 Bc7 21. f4 f6 22. Rf1 exf4 23. Rxf4 Qe7 24. Rdf1 Bd7 25. Ne3 Qe5 26. Nc4 Qe7 27. Ne3 Ra8 28. Ncd1 Bb5 29. Nc4 Rae8 30. Nde3 Bd7 31. Qc3 Bd8 32. Nd2 Bc8 33. b4 cxb4 34. Qxc8 Bb6 35. Qh3 Rc8 36. Kh1 Rc3 37. Ndc4 Bd4 38. R4f3 Re8 39. Re1 1/2-1/2

[Event "Najdorf Festival op"]
[Site "Buenos Aires"]
[Date "1998.10.25"]
[Round "3"]
[White "Seminara, Juan Pablo"]
[Black "Giardelli, Sergio Carlos"]
[Result "1/2-1/2"]
[WhiteElo "2355"]
[BlackElo "2450"]
[PlyCount "61"]
[EventDate "1998.10.??"]
[EventType "swiss"]
[EventRounds "9"]
[EventCountry "ARG"]
[SourceTitle "EXT 2002"]
[Source "ChessBase"]
[SourceDate "2001.11.25"]
[SourceVersion "1"]
[SourceVersionDate "2001.11.25"]
[SourceQuality "1"]

1. e4 c5 2. Nf3 e6 3. d4 cxd4 4. Nxd4 a6 5. Nc3 Qc7 6. Be3 Nf6 7. Bd3 b5 8. f4 b4 9. Na4 Bb7 10. Nb3 Nc6 11. Nb6 Rb8 12. e5 Ng8 13. Nc4 Nd8 14. Qe2 f5 15. 0-0-0 Nh6 16. Bd4 Nhf7 17. Bxf5 Qc6 18. Bh3 Qb5 19. Qd3 Bd5 20. Ne3 Qxd3 21. Rxd3 Be4 22. Rd2 g5 23. Nc5 Bxc5 24. Bxc5 h5 25. fxg5 Nxg5 26. Rhd1 Bc6 27. Nc4 Ndf7 28. Nd6+ Nxd6 29. Bxd6 Rb5 30. Rd4 a5 31. Rf4 1/2-1/2

[Event "Boca Juniors op"]
[Site "Buenos Aires"]
[Date "1998.05.16"]
[Round "9"]
[White "Seminara, Juan Pablo"]
[Black "Fiorito, Fabian"]
[Result "1/2-1/2"]
[WhiteElo "2320"]
[BlackElo "2455"]
[PlyCount "76"]
[EventDate "1998.05.07"]
[EventType "swiss"]
[EventRounds "9"]
[EventCountry "ARG"]
[SourceTitle "CBM 064 Extra"]
[Source "ChessBase"]
[SourceDate "1998.07.07"]
[SourceVersion "1"]
[SourceVersionDate "1998.07.07"]
[SourceQuality "1"]

1. e4 c5 2. Nf3 e6 3. d4 cxd4 4. Nxd4 a6 5. Nc3 Qc7 6. Bd3 b5 7. 0-0 Bb7 8. Re1 d6 9. Bg5 Nd7 10. a4 bxa4 11. Nxa4 Ngf6 12. c4 Be7 13. b4 0-0 14. Qe2 Ne5 15. Rac1 Nxd3 16. Qxd3 Rad8 17. Bh4 Rfe8 18. f3 Qb8 19. Qb3 Ba8 20. Rb1 Rc8 21. Bf2 Nd7 22. Rec1 Rc7 23. Kh1 Qc8 24. Bg3 Rb7 25. Qa2 g6 26. Qd2 e5 27. Nb3 Rc7 28. Na5 f5 29. Nc3 Nf6 30. Nd5 fxe4 31. Nxc7 Qxc7 32. f4 Nh5 33. fxe5 Nxg3+ 34. hxg3 d5 35. Qd4 Bg5 36. Rc3 Qxe5 37. Qxe5 Rxe5 38. cxd5 Bxd5 1/2-1/2

[Event "Boca Juniors op"]
[Site "Buenos Aires"]
[Date "1998.05.15"]
[Round "8"]
[White "Gomez Baillo, Jorge H"]
[Black "Seminara, Juan Pablo"]
[Result "0-1"]
[WhiteElo "2440"]
[BlackElo "2320"]
[PlyCount "44"]
[EventDate "1998.05.07"]
[EventType "swiss"]
[EventRounds "9"]
[EventCountry "ARG"]
[SourceTitle "CBM 064 Extra"]
[Source "ChessBase"]
[SourceDate "1998.07.07"]
[SourceVersion "1"]
[SourceVersionDate "1998.07.07"]
[SourceQuality "1"]

1. e4 c5 2. c3 g6 3. d4 cxd4 4. cxd4 d5 5. e5 Nc6 6. Nc3 Nh6 7. h3 Bg7 8. Nf3 0-0 9. Bf4 f6 10. Qd2 Nf7 11. exf6 exf6 12. Be2 Kh8 13. 0-0 g5 14. Bh2 f5 15. Rad1 f4 16. Bd3 Nh6 17. h4 Ng4 18. hxg5 Nxh2 19. Nxh2 Nxd4 20. Ne2 Qxg5 21. Nxd4 Bh3 22. g3 Bxd4 0-1

[Event "ARG-ch"]
[Site "Buenos Aires"]
[Date "1998.04.27"]
[Round "11"]
[White "Seminara, Juan Pablo"]
[Black "Alonso, Salvador"]
[Result "1-0"]
[WhiteElo "2320"]
[BlackElo "2390"]
[PlyCount "107"]
[EventDate "1998.04.15"]
[EventType "tourn"]
[EventRounds "15"]
[EventCountry "ARG"]
[EventCategory "9"]
[SourceTitle "CBM 065"]
[Source "ChessBase"]
[SourceDate "1998.08.06"]
[SourceVersion "1"]
[SourceVersionDate "1998.08.06"]
[SourceQuality "1"]

1. e4 c6 2. d4 d5 3. Nd2 dxe4 4. Nxe4 Nd7 5. Nf3 Ngf6 6. Ng3 e6 7. Bd3 c5 8. 0-0 cxd4 9. Nxd4 Bc5 10. Nb3 Be7 11. Qe2 0-0 12. Rd1 Re8 13. c4 Qc7 14. Nd4 b6 15. b3 Bb7 16. Bb2 Rad8 17. Rac1 Bf8 18. Nh5 Nxh5 19. Qxh5 g6 20. Qh3 a6 21. Bxg6 fxg6 22. Nxe6 Qc6 23. Nxd8 Rxd8 24. Rd5 Bg7 25. Bxg7 Kxg7 26. Rcd1 Bc8 27. Qe3 Qf6 28. Rd6 Qf7 29. Qd4+ Kg8 30. f3 Qe7 31. h3 Kf7 32. Qd5+ Kf8 33. b4 Kg7 34. Qd4+ Kh6 35. a3 Rf8 36. Qd2+ Kh5 37. g4+ Kh4 38. Qf2+ Kg5 39. h4+ Kh6 40. Qd2+ Kg7 41. Rxd7 Bxd7 42. Qxd7 Rf7 43. Qxe7 Rxe7 44. Kf2 Rc7 45. Rd4 Kf7 46. f4 Ke6 47. Kf3 h5 48. gxh5 gxh5 49. Ke4 Rc6 50. f5+ Kf6 51. Kf4 a5 52. b5 Rc5 53. Rd6+ Kf7 54. Rc6 1-0

[Event "ARG-ch"]
[Site "Buenos Aires"]
[Date "1998.04.19"]
[Round "4"]
[White "Spangenberg, Hugo"]
[Black "Seminara, Juan Pablo"]
[Result "1-0"]
[WhiteElo "2530"]
[BlackElo "2320"]
[PlyCount "43"]
[EventDate "1998.04.15"]
[EventType "tourn"]
[EventRounds "15"]
[EventCountry "ARG"]
[EventCategory "9"]
[SourceTitle "CBM 065"]
[Source "ChessBase"]
[SourceDate "1998.08.06"]
[SourceVersion "1"]
[SourceVersionDate "1998.08.06"]
[SourceQuality "1"]

1. e4 c5 2. c3 d6 3. d4 Nf6 4. Bd3 g6 5. h3 Qc7 6. Nf3 Bg7 7. 0-0 Nbd7 8. a4 0-0 9. Na3 a6 10. Re1 Rd8 11. e5 dxe5 12. dxe5 Ne8 13. Nc4 Nb6 14. Nxb6 Qxb6 15. a5 Qc6 16. Qe2 Be6 17. c4 Qd7 18. Ra3 Bf5 19. Bxf5 Qxf5 20. Rb3 Rab8 21. Bg5 Rd7 22. g4 1-0

[Event "ARG-ch"]
[Site "Buenos Aires"]
[Date "1998.04.16"]
[Round "2"]
[White "Seminara, Juan Pablo"]
[Black "Sorokin, Maxim"]
[Result "0-1"]
[WhiteElo "2320"]
[BlackElo "2555"]
[PlyCount "68"]
[EventDate "1998.04.15"]
[EventType "tourn"]
[EventRounds "15"]
[EventCountry "ARG"]
[EventCategory "9"]
[SourceTitle "CBM 065"]
[Source "ChessBase"]
[SourceDate "1998.08.06"]
[SourceVersion "1"]
[SourceVersionDate "1998.08.06"]
[SourceQuality "1"]

1. e4 e5 2. Nf3 Nc6 3. Bb5 a6 4. Ba4 Nf6 5. Qe2 d6 6. c3 Bd7 7. d4 Qe7 8. d5 Nd8 9. Bxd7+ Nxd7 10. c4 g6 11. Nc3 Bg7 12. 0-0 0-0 13. Rb1 f6 14. b4 Nf7 15. Nd2 Bh6 16. Nb3 Bxc1 17. Rfxc1 f5 18. c5 Qh4 19. Qd3 Ng5 20. Qg3 Qh5 21. f3 fxe4 22. fxe4 Rf4 23. cxd6 cxd6 24. Nd2 Nf6 25. h3 Rf8 26. Re1 Qh6 27. Re3 Rc8 28. Rf1 Nh5 29. Qe1 Qf8 30. Nf3 Qd8 31. Kh2 Nxf3+ 32. Rfxf3 Qb6 33. a3 Rcf8 34. Qf1 Qxe3 0-1

[Event "ARG-ch"]
[Site "Buenos Aires"]
[Date "1998.04.15"]
[Round "1"]
[White "Malbran, Guillermo"]
[Black "Seminara, Juan Pablo"]
[Result "1/2-1/2"]
[WhiteElo "2355"]
[BlackElo "2320"]
[PlyCount "39"]
[EventDate "1998.04.15"]
[EventType "tourn"]
[EventRounds "15"]
[EventCountry "ARG"]
[EventCategory "9"]
[SourceTitle "CBM 065"]
[Source "ChessBase"]
[SourceDate "1998.08.06"]
[SourceVersion "1"]
[SourceVersionDate "1998.08.06"]
[SourceQuality "1"]

1. e4 c5 2. Nf3 d6 3. c3 Nf6 4. Be2 g6 5. 0-0 Bg7 6. Re1 0-0 7. Bf1 Bg4 8. d4 cxd4 9. cxd4 Nc6 10. Nc3 Qb6 11. d5 Ne5 12. Be2 Bxf3 13. gxf3 Rfc8 14. f4 Nc4 15. Qb3 Qxb3 16. axb3 Nb6 17. Be3 Nfd7 18. Rec1 Nc5 19. Bxc5 Rxc5 20. b4 1/2-1/2

[Event "Buenos Aires FMDA-chT"]
[Site "Buenos Aires"]
[Date "1998.??.??"]
[Round "2"]
[White "Auciello, Sergio"]
[Black "Seminara, Juan Pablo"]
[Result "0-1"]
[WhiteElo "2390"]
[BlackElo "2355"]
[PlyCount "75"]
[EventDate "1998.11.??"]
[EventType "team"]
[EventRounds "7"]
[EventCountry "ARG"]
[SourceTitle "EXT 2002"]
[Source "ChessBase"]
[SourceDate "2001.11.25"]
[SourceVersion "1"]
[SourceVersionDate "2001.11.25"]
[SourceQuality "1"]

1. d4 g6 2. c4 Bg7 3. Nc3 d6 4. e4 Nf6 5. g3 0-0 6. Bg2 e5 7. Nge2 Nc6 8. d5 Nd4 9. 0-0 Re8 10. Be3 Nxe2+ 11. Qxe2 Ng4 12. Bd2 f5 13. Rac1 Bh6 14. Bxh6 Nxh6 15. c5 fxe4 16. cxd6 cxd6 17. Nxe4 Nf5 18. Qd2 Nd4 19. f4 Bf5 20. Nc3 Qb6 21. Kh1 a5 22. fxe5 Rxe5 23. g4 Bxg4 24. Rf4 Ne2 25. Rxg4 Nxc1 26. Qxc1 Rc8 27. Re4 Rxe4 28. Bxe4 Qf2 29. a4 Rc4 30. Bg2 Rg4 31. Qf1 Qxb2 32. Nd1 Qd2 33. Bf3 Rxa4 34. Nf2 Ra2 35. Qg1 a4 36. Ng4 a3 37. Nf6+ Kf7 38. Bg4 0-1

[Event "Buenos Aires ITT-1 Siglo XXI"]
[Site "Buenos Aires"]
[Date "1998.??.??"]
[Round "3"]
[White "Eggert, Alberto"]
[Black "Seminara, Juan Pablo"]
[Result "1/2-1/2"]
[WhiteElo "2080"]
[BlackElo "2355"]
[PlyCount "95"]
[EventDate "1998.08.??"]
[EventType "tourn"]
[EventRounds "14"]
[EventCountry "ARG"]
[SourceTitle "EXT 2002"]
[Source "ChessBase"]
[SourceDate "2001.11.25"]
[SourceVersion "1"]
[SourceVersionDate "2001.11.25"]
[SourceQuality "1"]

1. Nf3 g6 2. c4 Bg7 3. Nc3 d6 4. g3 e5 5. Bg2 Nf6 6. d3 0-0 7. 0-0 Re8 8. Rb1 a5 9. a3 h6 10. b4 axb4 11. axb4 e4 12. Nxe4 Nxe4 13. dxe4 Rxe4 14. c5 Na6 15. cxd6 Rxb4 16. Rxb4 Nxb4 17. dxc7 Qxc7 18. Bf4 Qa5 19. Qd2 g5 20. Be5 Nc6 21. Bxg7 Qxd2 22. Nxd2 Kxg7 23. Ne4 Bg4 24. e3 Ne5 25. h3 Be2 26. Rc1 Rd8 27. f4 gxf4 28. gxf4 Ng6 29. Nc3 Ba6 30. Rb1 Rd3 31. Nd5 Nh4 32. Be4 Rd2 33. Nb4 Be2 34. Bxb7 Nf3+ 35. Bxf3 Bxf3 36. Rc1 Rg2+ 37. Kf1 Rb2 38. Nc6 Bg2+ 39. Ke1 Bxh3 40. Ne5 Be6 41. Rd1 Kf6 42. Rd2 Rxd2 43. Kxd2 Kf5 44. Ke2 f6 45. Nf3 Kg4 46. Kf2 h5 47. Nh2+ Kf5 48. Kg3 1/2-1/2

[Event "Buenos Aires Ejercito op"]
[Site "Buenos Aires"]
[Date "1998.??.??"]
[Round "6"]
[White "Hoffman, Alejandro"]
[Black "Seminara, Juan Pablo"]
[Result "1-0"]
[WhiteElo "2525"]
[BlackElo "2355"]
[PlyCount "92"]
[EventDate "1998.10.??"]
[EventType "swiss"]
[EventRounds "9"]
[EventCountry "ARG"]
[SourceTitle "EXT 2002"]
[Source "ChessBase"]
[SourceDate "2001.11.25"]
[SourceVersion "1"]
[SourceVersionDate "2001.11.25"]
[SourceQuality "1"]

1. d4 Nf6 2. c4 g6 3. Nc3 Bg7 4. e4 d6 5. Nge2 0-0 6. Ng3 e5 7. d5 c6 8. Be2 a6 9. 0-0 cxd5 10. cxd5 b5 11. b4 h5 12. Bg5 Qe8 13. Qd2 Nh7 14. Bh6 Nd7 15. Bxh5 f5 16. Bxg7 Kxg7 17. Nxf5+ Rxf5 18. Bxg6 Qxg6 19. exf5 Qxf5 20. f4 e4 21. Rae1 Ndf6 22. h3 Bd7 23. Qd4 Qg6 24. Re3 Re8 25. Qa7 Kh8 26. Qc7 Rg8 27. Rf2 Qh5 28. Qxd6 Bxh3 29. f5 Bxf5 30. Qe5 Rg5 31. d6 Bd7 32. Qd4 Rg6 33. Rxe4 Rh6 34. Kf1 Qh1+ 35. Ke2 Rg6 36. Rh4 Bg4+ 37. Qxg4 Nxg4 38. Rxh1 Nxf2 39. Kxf2 Rxd6 40. Ne4 Rg6 41. g4 Kg8 42. Kg3 Rc6 43. g5 Rc4 44. Rh4 Rc6 45. Kf4 Kg7 46. Kf5 Rc1 1-0

[Event "ARG-ch sf"]
[Site "Buenos Aires"]
[Date "1998.??.??"]
[Round "8"]
[White "Idigoras, Alejandro"]
[Black "Seminara, Juan Pablo"]
[Result "1-0"]
[WhiteElo "2290"]
[BlackElo "2320"]
[PlyCount "73"]
[EventDate "1998.??.??"]
[EventType "swiss"]
[EventRounds "9"]
[EventCountry "ARG"]
[SourceTitle "EXT 2000"]
[Source "ChessBase"]
[SourceDate "1999.11.16"]
[SourceVersion "1"]
[SourceVersionDate "1999.11.16"]
[SourceQuality "1"]

1. e4 c5 2. Nc3 Nc6 3. f4 g6 4. Nf3 Bg7 5. Bc4 e6 6. 0-0 Nge7 7. Qe1 0-0 8. d3 Nd4 9. Nxd4 cxd4 10. Ne2 d5 11. Bb3 a5 12. a4 dxe4 13. dxe4 d3 14. Ng3 Nc6 15. Be3 dxc2 16. Bxc2 Nb4 17. Qf2 Bxb2 18. Rad1 Qc7 19. Bb1 Bg7 20. Rc1 Nc6 21. e5 f5 22. exf6 Bxf6 23. Ne4 Bh8 24. Ba2 Qg7 25. Rfd1 h6 26. Bc5 Rd8 27. Nd6 Kh7 28. h4 Nb4 29. Bb1 h5 30. Qf3 Kg8 31. Bb6 Rf8 32. Rc7 Qh6 33. f5 Be5 34. Be3 Qh8 35. Nf7 Qf6 36. fxg6 Qg7 37. Nh6+ 1-0

[Event "Mar del Plata op 29th"]
[Site "Mar del Plata"]
[Date "1998.??.??"]
[Round "3"]
[White "Seminara, Juan Pablo"]
[Black "Acosta, Mariano2222"]
[Result "1-0"]
[WhiteElo "2320"]
[BlackElo "2155"]
[PlyCount "61"]
[EventDate "1998.??.??"]
[EventType "swiss"]
[EventRounds "9"]
[EventCountry "ARG"]
[SourceTitle "EXT 2005"]
[Source "ChessBase"]
[SourceDate "2004.11.15"]
[SourceVersion "1"]
[SourceVersionDate "2004.11.15"]
[SourceQuality "1"]

1. e4 Nf6 2. e5 Nd5 3. d4 d6 4. Nf3 g6 5. Nbd2 Bg7 6. Bc4 Nb6 7. Bb3 0-0 8. 0-0 dxe5 9. dxe5 a5 10. a4 e6 11. Qe2 Qe8 12. Ne4 N8d7 13. Bg5 f5 14. exf6 Nxf6 15. Nxf6+ Bxf6 16. Bxf6 Rxf6 17. Qe5 Qe7 18. Rad1 Ra6 19. Rfe1 c5 20. Re4 Na8 21. Bc4 Rc6 22. Qc3 b6 23. Ne5 Rd6 24. Rxd6 Qxd6 25. Ng4 Qd1+ 26. Bf1 Ba6 27. Nxf6+ Kf7 28. Re1 Qxe1 29. Qxe1 Bxf1 30. Kxf1 Kxf6 31. Qc3+ 1-0

[Event "Buenos Aires FMDA-chT"]
[Site "Buenos Aires"]
[Date "1998.??.??"]
[Round "1"]
[White "Seminara, Juan Pablo"]
[Black "Miguel, Luis O"]
[Result "1-0"]
[WhiteElo "2355"]
[BlackElo "2035"]
[PlyCount "75"]
[EventDate "1998.11.??"]
[EventType "team"]
[EventRounds "7"]
[EventCountry "ARG"]
[SourceTitle "EXT 2002"]
[Source "ChessBase"]
[SourceDate "2001.11.25"]
[SourceVersion "1"]
[SourceVersionDate "2001.11.25"]
[SourceQuality "1"]

1. e4 e5 2. Nf3 Nc6 3. Bb5 a6 4. Ba4 Nf6 5. Qe2 b5 6. Bb3 Be7 7. c3 0-0 8. d4 d6 9. 0-0 Nd7 10. Rd1 Bf6 11. a4 Na5 12. Bc2 c6 13. d5 Bb7 14. dxc6 Bxc6 15. Rxd6 Qc7 16. Rd1 Rac8 17. Nbd2 Rfe8 18. Nf1 Nf8 19. Ne3 Bd8 20. Nd5 Qb7 21. Nd2 Ne6 22. b4 Bxd5 23. exd5 Nf4 24. Qe4 g6 25. bxa5 f5 26. Qe1 Rxc3 27. Nf3 Rxc2 28. Bxf4 e4 29. Nd4 Rc4 30. axb5 Bf6 31. bxa6 Qxa6 32. Qe3 Qa7 33. Nb5 Qxe3 34. Bxe3 Rd8 35. Bd4 Bg5 36. a6 Ra8 37. a7 Rb4 38. Nc7 1-0

[Event "ARG-ch qf"]
[Site "Buenos Aires"]
[Date "1996.??.??"]
[Round "5"]
[White "Alonso, Salvador"]
[Black "Seminara, Juan Pablo"]
[Result "1-0"]
[WhiteElo "2300"]
[BlackElo "2275"]
[PlyCount "51"]
[EventDate "1996.??.??"]
[EventType "swiss"]
[EventRounds "7"]
[EventCountry "ARG"]
[SourceTitle "EXT 1999"]
[Source "ChessBase"]
[SourceDate "1998.11.16"]
[SourceVersion "1"]
[SourceVersionDate "1998.11.16"]
[SourceQuality "1"]

1. b4 e5 2. Bb2 Bxb4 3. Bxe5 Nf6 4. Nf3 0-0 5. c3 Be7 6. d4 d5 7. e3 Bf5 8. Qb3 Nbd7 9. Nbd2 b6 10. c4 Be6 11. cxd5 Bxd5 12. Bc4 Bxc4 13. Nxc4 Nxe5 14. dxe5 Ne4 15. Rd1 Qc8 16. 0-0 Qb7 17. Na5 Qc8 18. Nc6 Re8 19. Nfd4 Bf8 20. f4 Nc5 21. Qb1 g6 22. f5 Bh6 23. Rf3 Kh8 24. Rh3 Bg7 25. Rf1 Qa6 26. fxg6 1-0

[Event "Buenos Aires FMDA-chT"]
[Site "Buenos Aires"]
[Date "1996.??.??"]
[Round "2"]
[White "Farah, Rodolfo"]
[Black "Seminara, Juan Pablo"]
[Result "0-1"]
[WhiteElo "2170"]
[BlackElo "2255"]
[PlyCount "128"]
[EventDate "1996.??.??"]
[EventType "team"]
[EventRounds "8"]
[EventCountry "ARG"]
[SourceTitle "EXT 2001"]
[Source "ChessBase"]
[SourceDate "2000.11.22"]
[SourceVersion "1"]
[SourceVersionDate "2000.11.22"]
[SourceQuality "1"]

1. e4 c5 2. Nf3 d6 3. d4 cxd4 4. Nxd4 Nf6 5. Nc3 g6 6. Be3 Bg7 7. f3 0-0 8. Bc4 Nc6 9. Qd2 Bd7 10. 0-0-0 Ne5 11. Bb3 Rc8 12. h4 h5 13. Bg5 Rc5 14. Rhe1 b5 15. f4 Nc4 16. Bxc4 Rxc4 17. Bxf6 Bxf6 18. e5 Bg7 19. Kb1 Bg4 20. Nf3 Bf5 21. Ka1 b4 22. Nd5 Rxc2 23. Qxb4 a5 24. Qa3 Be6 25. Ne3 Rf2 26. Rf1 Rxf1 27. Nxf1 Qb6 28. Qe3 Qxe3 29. Nxe3 dxe5 30. Nxe5 Rc8 31. Nf3 a4 32. Kb1 Rb8 33. Rd2 a3 34. b3 Bxb3 35. axb3 Rxb3+ 36. Ka2 Rxe3 37. Rd8+ Bf8 38. Ne5 Kg7 39. Ra8 e6 40. Ra7 Re2+ 41. Kb3 Bc5 42. Rxf7+ Kg8 43. Rd7 a2 44. Rd8+ Kg7 45. Rd7+ Kg8 46. Rd8+ Bf8 47. Ra8 Rxg2 48. Nd7 Kg7 49. Ra7 Be7 50. Ne5 Kf6 51. Nc6 Bc5 52. Ra8 Kf5 53. Kc4 Be3 54. Kd3 Bxf4 55. Nd4+ Kg4 56. Nxe6 Be5 57. Ra4+ Kh3 58. Ng5+ Rxg5 59. Rxa2 Kxh4 60. Ke4 Rf5 61. Ra6 Kg5 62. Ra2 Kf6 63. Ra6+ Kg5 64. Ra2 Bg3 0-1